000 00868nas a2200265 4500
001 BR0103683
003 BR-BrBNA
005 20231205102344.0
007 ta
008 230509b bl.|||p| |||| 00| 00por d
040 _aBR-BrBNA
_bpor
_cBiblioteca Nacional de Agricultura
041 _a(Pt)
072 _aH10
100 1 _aBroglio-Micheletti, S.M.F.
100 1 _aBerti Filho, E.
245 1 _aDistribuicao espacial e dinamica populacional de Cerconota anonella (Sepp.)(Lep.: Oecophoridae)em pomar de graviola (Annona muricata L.)
650 _aGraviola
650 _aInseto
650 _aBroca do Fruto
650 _aAmostragem
650 _aFlutuacao Populacional
773 0 _tRevista Brasileira de Fruticultura (Brazil)
_xISSN 0100-2945
_g(Apr 2001), v. 23(1) p. 78-81
_wBR0103683
909 _a202311
_bLúcia
_c55
_dLúcia Elande
942 _2AGRIS
_n0
_cANA
999 _c167146
_d167146